La máquina de los niños : Replantearse la educación en la era de los ordenadores /
| Autor principal: | |
|---|---|
| Formato: | Libro |
| Lenguaje: | español |
| Publicado: |
Barcelona, España :
PAIDOS,
1995
|
| Materias: |
MARC
| LEADER | 00000nam a22000007a 4500 | ||
|---|---|---|---|
| 008 | 191210b1995 s ||||| |||| 00| 0 spa d | ||
| 999 | |c 3827 |d 3827 | ||
| 020 | |a 8449301459 | ||
| 090 | |a 06.05.02 |b 264 | ||
| 100 | |9 1266 |a Papert, Seymour | ||
| 245 | 1 | 3 | |a La máquina de los niños : Replantearse la educación en la era de los ordenadores / |c Seymour Papert |
| 260 | |a Barcelona, España : |b PAIDOS, |c 1995 | ||
| 300 | |a 247 páginas | ||
| 650 | 0 | |9 824 |a MÉTODOS PEDAGÓGICOS | |
| 650 | 0 | |9 28 |a TECNOLOGÍA | |
| 650 | 0 | |9 1152 |a COMPUTADORAS | |
| 942 | |i 00236 |h 06.05.02 264 |2 z |c 01 | ||
